Statistics for All Songs in the Book of Mormon Musical

Click here to take the quiz!

General Stats

  • This quiz has been taken 43 times
  • The average score is 12 of 18

Answer Stats

HintAnswer% Correct
EldersHello
100%
EldersTwo by Two
93%
Cunningham and NabalungiBaptize Me
86%
Price and ChorusSpooky Mormon Hell Dream
86%
EldersTurn it Off
86%
Price and CunninghamYou and Me (But Mostly Me)
82%
Price and ChorusAll American Prophet
79%
PriceI Believe
79%
EldersI Am Africa
71%
Cunningham and ChorusMaking Things Up Again
71%
Cunningham, Nabalungi, Price and ChorusMan Up
71%
Mafala and UgandansHasa Diga Ebowai
64%
NabalungiSal Tlay Ka Siti
64%
Cunningham, Price and ChorusTomorrow is a Latter Day
64%
UgandansJoseph Smith American Moses
57%
Cunningham and PriceI am Here for You
54%
ChorusHello Reprise
18%
CunninghamI am Here for You Reprise
7%

Score Distribution

Percentile by Number Answered

Percent of People with Each Score

Your Score History

You have not taken this quiz